00442 2200181 4500001002100000005001700021035002400038040001200062090001800074100002100092245003600113250001100149260003600160300002100196650001000217850001200227990002100239YOGYA00000000008598920141022085333.0 0010-081400000085706 aYOPDYOG aDEP 813 Cla L aClara Canceriana aLove disordercClara Canceriana aCet. 1 aYogyakartabBentang Beliac2013 a237 hlm.c19 cm. aFiksi aYOPDYOG aCB-D.11-2013-076